Central Library OPAC University of Rajshahi

Development strategies and socio-demographic impact of non-governmental organizations : (Record no. 43)

MARC details
000 -LEADER
fixed length control field 00999nam a2200289 a 4500
001 - CONTROL NUMBER
control field 43
003 - CONTROL NUMBER IDENTIFIER
rucl marc code BD-RjUL
005 - DATE AND TIME OF LATEST TRANSACTION
control field 20211208233111.0
008 - FIXED-LENGTH DATA ELEMENTS--GENERAL INFORMATION
fixed length control field 150128s1997 bg b 001 0 eng
020 ## - INTERNATIONAL STANDARD BOOK NUMBER
International Standard Book Number 9840513931
035 ## - SYSTEM CONTROL NUMBER
System control number (BD-RjUL)
040 ## - CATALOGING SOURCE
Original cataloging agency DLC
Transcribing agency DLC
Language of cataloging eng
Modifying agency BD-RjUL
041 ## - LANGUAGE CODE
Language code of text/sound track or separate title eng
082 ## - DEWEY DECIMAL CLASSIFICATION NUMBER
Edition number 21
Classification number 338.95492
Author mark and year AMD 1997
100 1# - MAIN ENTRY--PERSONAL NAME
Personal name Amin, R.
Fuller form of name (Ruhul),
Dates associated with a name 1938-
9 (RLIN) 115463
245 10 - TITLE STATEMENT
Title Development strategies and socio-demographic impact of non-governmental organizations :
Remainder of title evidence from rural Bangladesh /
Statement of responsibility, etc. Ruhul Amin.
260 ## - PUBLICATION, DISTRIBUTION, ETC. (IMPRINT)
Place of publication, distribution, etc. Dhaka :
Name of publisher, distributor, etc. University Press,
Date of publication, distribution, etc. 1997.
300 ## - PHYSICAL DESCRIPTION
Pagination xi, 137 p. ;
Size 22 cm.
504 ## - BIBLIOGRAPHY, ETC. NOTE
Bibliography, etc Includes bibliographical references (p. [127]-131) and index.
650 #0 - SUBJECT ADDED ENTRY--TOPICAL TERM
Topical term or geographic name as entry element Rural development
Geographic subdivision Bangladesh.
9 (RLIN) 115464
Topical term or geographic name as entry element Birth control
Geographic subdivision Bangladesh.
9 (RLIN) 115465
Topical term or geographic name as entry element Non-governmental organizations
Geographic subdivision Bangladesh.
9 (RLIN) 114709
651 #0 - SUBJECT ADDED ENTRY--GEOGRAPHIC NAME
Geographic name Bangladesh
General subdivision Social policy.
9 (RLIN) 115466
942 ## - ADDED ENTRY ELEMENTS (KOHA)
Source of classification or shelving scheme Dewey Decimal Classification
Koha item type Books
Holdings
Lost status Source of classification or shelving scheme Damaged status Not for loan Permanent Location Current Location Shelving location Date acquired Source of acquisition Cost, normal purchase price Total Checkouts Full call number Date last seen Copy number Koha item type
  Dewey Decimal Classification   Not For Loan Central Library, University of Rajshahi Central Library, University of Rajshahi Reading Room 23/07/2014 Baatighar, Chittagong 187.50   338.95492 AMD 1997 28/01/2015 C-1 Books